| 000 | 00428nam a22001697a 4500 | ||
|---|---|---|---|
| 005 | 20180804111700.0 | ||
| 008 | 160630b xxu||||| |||| 00| 0 eng d | ||
| 020 | _a81-219-2191-0 | ||
| 041 | _aeng | ||
| 082 | _b19804 | ||
| 100 |
_aMEHTA, V.K. _94702 |
||
| 245 | _aPrinciples of electrical machines | ||
| 260 |
_aNew Delhi _bSultan Chand & Sons, _c2014 |
||
| 300 | _a665p, | ||
| 650 |
_aDiploma Engineering _9817 |
||
| 942 | _cBK | ||
| 999 |
_c4930 _d4928 |
||